| 000 | 00819nam a2200229Ia 4500 | ||
|---|---|---|---|
| 003 | GCL | ||
| 008 | 140319s9999 xx 000 0 ara d | ||
| 040 |
_aGCL / _cGCL |
||
| 082 | 0 | 4 |
_a327.0937 _bح ح |
| 100 | 1 | _aحبيب غانم | |
| 245 | 1 | 0 |
_aحرب الالفية الثالثة : _bنفط قزوين 000 ومآرب / _cحبيب غانم |
| 250 | _aالاولى | ||
| 260 |
_aالقاهرة : _bدار المنهل ، _c2001 |
||
| 300 |
_a198 ص ؛ _c20 سم |
||
| 650 | 0 | 4 | _aالولايات المتحدة الامريكية |
| 650 | 0 | 4 | _aالخليج العربى |
| 650 | 0 | 4 | _aالارهاب الدولى |
| 650 | 0 | 4 | _aاسيا الوسطى |
| 650 | 0 | 4 | _aالولايات المتحدة الامريكية - العلاقات الخارجية |
| 650 | 0 | 4 | _aاحداث 11 سبتمبر |
| 942 |
_2ddc _cBK |
||
| 999 |
_c5617 _d5617 |
||